000 00678nam a2200253Ia 4500
003 OSt
005 20220918192832.0
006 a|||||r|||| 00| 0
007 ta
008 220917b |||||||| |||| 00| 0 eng d
024 _a70,626
037 _cTextual
040 _aARTS
_cARTS
_beng
041 _2eng
_aeng
082 _aR39(S:45), K8
100 _aShaffer Jerome A
_979284
245 0 _aPhilosophy of mind
260 _aNew Jersey
_bPrentice-Hall USA
_c1968
300 _a117p.
_ccm.
490 _aFoundations of philosophy series
650 _aPHILOSOPHY
942 _hR39(S:45), K8
_cTEXL
_2CC
999 _c196722
_d196722